Statistiques concernant ballon d'or

Cliquez ici pour prendre le quiz!

Statistiques générales

  • Ce quiz a été pris 105 fois
    (51 depuis la dernière actualisation)
  • Le résultat moyen est 43 sur 66

Statistiques - réponses

AnnéePaysRéponse% Correct
11ArgentineMessi
98%
12ArgentineMessi
98%
21ArgentineMessi
98%
19ArgentineMessi
98%
09ArgentineMessi
98%
15ArgentineMessi
98%
10ArgentineMessi
98%
97BrésilRonaldo
98%
08PortugalRonaldo
98%
02BrésilRonaldo
98%
13PortugalRonaldo
98%
14PortugalRonaldo
98%
16PortugalRonaldo
98%
17PortugalRonaldo
98%
22FranceBenzema
94%
85FrancePlatini
92%
84FrancePlatini
92%
83FrancePlatini
92%
98FranceZidane
92%
05BrésilRonaldinho
90%
06ItalieCannavaro
88%
07BrésilKaka
85%
18CroatieModric
85%
71Pays BasCruyff
83%
74Pays BasCruyff
83%
73Pays BasCruyff
83%
03TchequeNedvěd
77%
2000PortugalFigo
75%
95LiberiaWeah
75%
01AngleterreOwen
73%
92Pays BasVan Basten
73%
89Pays BasVan Basten
73%
88Pays BasVan Basten
73%
91FrancePapin
69%
72AllemagneBeckenbauer
65%
76AllemagneBeckenbauer
65%
58FranceKopa
65%
65PortugalEusébio
63%
87Pays BasGullit
63%
99BrésilRivaldo
63%
63URSSYachine
63%
68Irlande du NordBest
58%
70AllemagneMüller
58%
93ItalieBaggio
48%
66AngleterreCharlton
48%
59EspagneDi Stefano
48%
57EspagneDi Stefano
48%
04UkraineChevtchenko
42%
56AngleterreMatthews
40%
90AllemagneMatthaus
38%
81AllemagneRummenigge
38%
80AllemagneRummenigge
38%
60EspagneSuarez
33%
78AngleterreKeegan
29%
79AngleterreKeegan
29%
96AllemagneSammer
29%
82ItalieRossi
27%
69ItalieRivera
21%
94BulgarieStoitchkov
21%
67HongrieAlbert
19%
86URSSBelanov
19%
64EcosseLaw
17%
77DanemarkSimonsen
15%
75URSSBlokhine
13%
62TchequeMasopust
13%
61ItalieSivori
6%

Distribution des résultats

Percentile par nombre de réponses

% des personnes avec chaque résultat

Votre développement - résultats

Vous n’avez pas pris ce quiz depuis la dernière actualisation